Manual de derecho penal : parte general /
Guardado en:
| Autor Principal: | |
|---|---|
| Otros Autores: | , |
| Formato: | Libro |
| Idioma: | Spanish |
| Publicado: |
Buenos Aires :
Ediar,
2005
|
| Edición: | 2a. ed. |
| Materias: | |
| Etiquetas: |
Agregar Etiqueta
Sin Etiquetas, Sea el primero en etiquetar este registro!
|
| LEADER | 00572nam a22001815a 4500 | ||
|---|---|---|---|
| 001 | DER.der015260 | ||
| 008 | 250717s2005####ag#||||||||||||||#||spa|| | ||
| 005 | 20250717155555.0 | ||
| 245 | 1 | 0 | |a Manual de derecho penal : |b parte general / |c Eugenio Raúl Zaffaroni, Alejandro Alagia y Alejandro Slokar. |
| 250 | |a 2a. ed. | ||
| 260 | |a Buenos Aires : |b Ediar, |c 2005 | ||
| 300 | |a 772 p. | ||
| 020 | |a 9505741758 | ||
| 100 | 1 | |a Zaffaroni, Eugenio Raúl | |
| 700 | 1 | |a Alagia, Alejandro. | |
| 700 | 1 | |a Slokar, Alejandro. | |
| 650 | 7 | |a DERECHO PENAL | |
| 859 | |a DERECHO |b BIB. DERECHO |h 345 |i ZAF |p 002998 | ||
